000 00512nam a2200181Ia 4500
003 GCL
008 140319s9999 xx 000 0 eng d
040 _aGCL /
_cGCL
082 0 4 _aP
_b338.18091724
_bW U
100 1 _aWARREN, MICHAEL D.
245 1 0 _aUSING INDIGENOUS KNOWLEDGE IN AGRCULTUAL DEVELOPMENT /
_cWARREN, MICHAEL D.
260 _a[S.N] :
_bTHE WORLD BANK ،
_c1991
300 _a46 P
650 0 4 _aMANAGEMENT
650 0 4 _aECONOMIC ASPECTS
650 0 4 _aAGRICULTURAL ASSISTANCE
942 _2ddc
_cCR
999 _c25887
_d25887